El heroe (Registro nro. 154720)

Detalles MARC
000 -LEADER
campo de control de longitud fija 00756nam a22002055i 4500
001 - NÚMERO DE CONTROL
campo de control 154720
003 - IDENTIFICADOR DE NÚMERO DE CONTROL
campo de control ES-MaACL
005 - FECHA Y HORA DE LA ÚLTIMA TRANSACCIÓN
campo de control 20250911063557.0
008 - DATOS DE LONGITUD FIJA--INFORMACIÓN GENERAL
campo de control de longitud fija 940301s1900 sp |||| | spa d
040 ## - FUENTE DE CATALOGACIÓN
Centro catalogador/agencia de origen AS
Lengua de catalogación spa
100 1# - ENTRADA PRINCIPAL--NOMBRE DE PERSONA
Nombre de persona Gracián, Baltasar,
Fechas asociadas al nombre 1601-1658
9 (RLIN) 59478
245 13 - MENCIÓN DEL TÍTULO
Título El heroe
Resto del título ; El discreto /
Mención de responsabilidad, etc. Baltasar Gracián ; con un estudio crítico por Arturo Farinelli.
260 ## - PUBLICACIÓN, DISTRIBUCIÓN, ETC.
Lugar de publicación, distribución, etc. Madrid :
Nombre del editor, distribuidor, etc. B. Rodriguez Serra,
Fecha de publicación, distribución, etc. 1900 (
Fabricante Imprenta de Antonio Marzo)
300 ## - DESCRIPCIÓN FÍSICA
Extensión 277 p. ;
Dimensiones 18 cm.
490 1# - MENCIÓN DE SERIE
Mención de serie Biblioteca de filosofía y sociología ;
Designación de volumen o secuencia 3
700 1# - ENTRADA AGREGADA--NOMBRE PERSONAL
Nombre de persona Farinelli, Arturo,
Fechas asociadas al nombre 1867-1948
9 (RLIN) 48861
830 0# - PUNTO DE ACCESO ADICIONAL DE SERIE-TÍTULO UNIFORME
Título uniforme Biblioteca de filosofía y sociología ;
Designación de volumen o secuencia 3
9 (RLIN) 221505
852 ## - LOCALIZACIÓN
Ubicación ES-MaACL
Número de control de estantería F-258
Nota libre -- Rust.
Existencias
Estatus retirado Estado de pérdida Estado de daño No para préstamo Colección Biblioteca de origen Biblioteca actual Ubicación en estantería Fecha de adquisición Fuente de adquisición Total de préstamos Signatura topográfica completa Código de barras Visto por última vez Precio de reemplazo Tipo de ítem Koha
        Libros del s. XIX Biblioteca del Ateneo de Madrid Biblioteca del Ateneo de Madrid Depósito 2 17/01/2008     F-258 1161827 23/02/2023 23/02/2023 Libro impreso antiguo